Spezielle Funktionen
Salvato in:
| Natura: | Libro |
|---|---|
| Lingua: | tedesco |
| Pubblicazione: |
Leipzig
Teubner
1977
|
| Serie: | Mathematik für Ingenieure, Naturwissenschaftler, Ökonomen und Landwirte
Band 12 |
| Tags: |
Nessun Tag, puoi essere il primo ad aggiungerne!!
|
MARC
| LEADER | 00000nam a2200000 4500 | ||
|---|---|---|---|
| 001 | c139510 | ||
| 005 | 20260323135705.6 | ||
| 041 | 0 | |a ger | |
| 044 | |a DE | ||
| 245 | 1 | 0 | |a Spezielle Funktionen |c Norbert Sieber, Hans-Jürgen Sebastian |
| 264 | 1 | |a Leipzig |b Teubner |c 1977 | |
| 300 | |a 136 s. | ||
| 490 | 1 | |a Mathematik für Ingenieure, Naturwissenschaftler, Ökonomen und Landwirte |v Band 12 | |
| 830 | 0 | |a Mathematik für Ingenieure, Naturwissenschaftler, Ökonomen und Landwirte |v Band 12 | |